000 00999nam a22002897a 4500
003 CHAP
005 20220329140912.0
008 971013s1984 r 00010 d
010 _a59548
011 _a60520
035 _a64682
040 _cCHAP
090 _aFolleto 10249
245 _aDirectorio de manejadores de pastizales del primer Congreso Nacional de Manejo de Pastizales
260 _aSaltillo, Coah. :
_bUniversidad Autonoma Agraria Antonio Narro,
_c1984
300 _ac.a. 45 p.
590 _aBATCH-UPD
_b10
_c20130110
_lUCH01
_h0434
590 _aBATCH-UPD
_b10
_c20130410
_lUCH01
_h0110
590 _aBATCH-UPD
_b10
_c20130913
_lUCH01
_h2216
590 _aCONVERSION
_b10
_c20130109
_lUCH01
_h1332
650 1 4 _aAgrónomos
_xDirectorios.
_92203
650 1 4 _aPastizales
_xManejo.
_985944
711 0 _aCongreso Nacional sobre Manejo de Pastizales (1 : 1984 : Saltillo, Coah.)
_927137
901 _aBK
942 _cFOLL
949 _aFolleto 10249
_bBC
_cFOLL
_d-141277
_eTS1
_i64682
_mD
_si
999 _c59548
_d59548